000 02329cam a22004574i 4500
003 PE-LiUPU
005 20250731184550.0
008 150625s r 000 0 d
035 _a(Sirsi) a33507
040 _aPE-LiUPU
_bspa
_cPE-LiUPU
_erda
082 0 4 _a911.816
_bP923a
_223
110 _aPrefectura municipal de Porto Alegre
_92448
245 1 0 _aAnais do III congresso Sul-Riogransense de Historia e Geografia :
_bComemorativo ao bi-centenario da colonizacao de Porto Alegre /
_cInstituto Historico e Geografico do Rio Grande Do Sul.
264 1 _aPorto Alegre, Brazil :
_bLibreria do globo-Barcellos, Bertaso Porto Alegre,
_c1940.
300 _a4 tomos ;
_c20 centímetros.
336 _atext
_2rdacontent
337 _aunmediated
_2rdamedia
338 _avolume
_2rdacarrier
505 0 _aVolumen 1: Sugestoes para o estudio historico do sobrado no rio grande do sul. - comissao especial organizadora do III congreso sul-riograndense de historia e Geografia.
505 0 _aVolumen 2: Biblioteca do Museo "Júlio de Castlhos" de Porto Alegre -- Documentos interessantes para la história de Porto Alegre -- Directoria do Arquivo e biblioteca da prefeitura municipal de Porto-Alegre -- La cultura lítica del sur Brasilero -- Arqueologia del valle del rio das velhas.
505 0 _aVolumen 3: "Porto Alegre no século XVIII" -- Aspectos da geografía das calamidades -- Arqueologia na regiao em que foi edificada a capital de Minas Gerais -- Carnívoros e desdentado fósseis do Brasil -- O descubrimiento do Brasil.
505 0 _aVolumen 4: Libertacao dos escravos -- As artes plasticas no Rio Grande do sul --Resumo da historia politico-militar do Rio Grande do sul-- O Regime Feudal e as capitanias hereditaria.
526 _aP136
526 _aP135
526 _aP134
526 _aP133
526 _aP144
526 _aP143
526 _aP87
526 _aP35
526 _aP20
526 _aP14
526 _aP10
526 _aP06
651 0 _aPorto Alegre
_xHistoria
_92450
651 0 _aPorto Alegre
_xGeografía.
_93009
942 _2ddc
_cBK
_n0
949 _a911.816 P923a
_wDEWEY
_c1
_i14178
_lCCODEBUL1
_mBUL
_p00.00
_r0
_sY
_tBOOK
_u2015-06-25
_xBIBLIOTECA
_zUNKNOWN
_0COMPRA
_o.STAFF. Colección General
980 _81
_gALBERTO SANCHEZ Responsable de Automatización
999 _c41262
_d41262